Países y territorios que incluyen “y” en su nombre - Estadísticas

Estadísticas generales
  • Esta prueba ha sido intentada 15 veces
  • La puntuación promedio es 5 de 14
Estadísticas de respuestas
País/Territorio % Correcto
Antigua y Barbuda
87%
Trinidad y Tobago
80%
San Cristóbal y Nieves
73%
San Vicente y las Granadinas
73%
Bosnia y Herzegovina
67%
Santo Tomé y Príncipe
47%
San Pedro y Miquelón
27%
Wallis y Futuna
20%
Islas Georgias del Sur y Sandwich del Sur
7%
Islas Turcas y Caicos
7%
Santa Elena, Ascensión y Tristán de Acuña
7%
Islas Ashmore y Cartier
0%
Islas Heard y McDonald
0%
Tierras Australes y Antárticas Francesas
0%
No se encontraron pruebas coincidentes
Distribución de puntuación
Porcentaje de gente con cada puntuación
Porcentaje por número respondido
Historial de tus puntuaciones
No has intentado esta prueba.